| 000 | 00922nam a2200229Ia 4500 | ||
|---|---|---|---|
| 999 |
_c38446 _d38446 |
||
| 001 | 4458 | ||
| 003 | GE_BSU | ||
| 005 | 20190527152141.0 | ||
| 008 | 181216s1970||||ge |||||||||||||| ||geo|| | ||
| 040 | _cGE_BSU | ||
| 041 | _ageo | ||
| 080 | _a51.1(075.8) რ–97 | ||
| 100 |
_aრუხაძე, ა _91644 |
||
| 245 |
_aუმაღლესი მათემატიკის კურსი.ნაწ I. სახელმძღ. / _cა. რუხაძე ; რედ. ლ. კვატაშიძე. |
||
| 250 | _aმესამე გადამ. გამოც. | ||
| 264 |
_a თბილისი : _bგანათლება, _c1970. |
||
| 300 |
_a590 გვ .: _c21 სმ. |
||
| 653 | _aუმაღლესი მათემატიკა | ||
| 653 | _aმათემატიკა | ||
| 700 |
_aკვატაშიძე, ლ _eრედაქტორი _91380 |
||
| 942 |
_cBK _2udc |
||